<?xml version="1.0" encoding="UTF-8"?><?xml-stylesheet type="text/xsl" href="static/style.xsl"?><OAI-PMH xmlns="http://www.openarchives.org/OAI/2.0/" xmlns:xsi="http://www.w3.org/2001/XMLSchema-instance" xsi:schemaLocation="http://www.openarchives.org/OAI/2.0/ http://www.openarchives.org/OAI/2.0/OAI-PMH.xsd"><responseDate>2026-04-13T01:39:43Z</responseDate><request verb="GetRecord" identifier="oai:www.recercat.cat:2072/413934" metadataPrefix="marc">https://recercat.cat/oai/request</request><GetRecord><record><header><identifier>oai:recercat.cat:2072/413934</identifier><datestamp>2024-10-31T00:40:36Z</datestamp><setSpec>com_2072_98</setSpec><setSpec>col_2072_378192</setSpec></header><metadata><record xmlns="http://www.loc.gov/MARC21/slim" xmlns:dcterms="http://purl.org/dc/terms/" xmlns:xsi="http://www.w3.org/2001/XMLSchema-instance" xmlns:doc="http://www.lyncode.com/xoai" xsi:schemaLocation="http://www.loc.gov/MARC21/slim http://www.loc.gov/standards/marcxml/schema/MARC21slim.xsd">
   <leader>00925njm 22002777a 4500</leader>
   <datafield ind2=" " ind1=" " tag="042">
      <subfield code="a">dc</subfield>
   </datafield>
   <datafield ind2=" " ind1=" " tag="720">
      <subfield code="a">Cussó i Segura, Xavier</subfield>
      <subfield code="e">author</subfield>
   </datafield>
   <datafield ind2=" " ind1=" " tag="260">
      <subfield code="c">2005</subfield>
   </datafield>
   <datafield ind2=" " ind1=" " tag="520">
      <subfield code="a">En este artículo se analiza la evolución del estado nutritivo de la población española entre 1900 y 1970, a partir de la comparación entre sus necesidades y su consumo de nutrientes. El estado nutritivo constituye un indicador básico del bienestar y del potencial económico de una sociedad. En el caso español, una parte importante de la población, y durante casi todo el periodo estudiado, ingerirá cantidades insuficientes de varios de los nutrientes analizados. Esta situación se traducirá en una elevada incidencia de la desnutrición y la malnutrición crónicas, y condicionará el desarrollo físico y económico de esta población, especialmente durante la Guerra Civil y la posguerra. Las comparaciones con otros países de la Europa Occidental ponen de manifiesto el retraso que sufrirá España también en este aspecto, y que no logrará corregirse hasta la década de 1960. Otros indicadores, como las medidas antropométricas, nos confirman plenamente la afirmaciones anteriores.</subfield>
   </datafield>
   <datafield tag="653" ind2=" " ind1=" ">
      <subfield code="a">Estado nutritivo</subfield>
   </datafield>
   <datafield tag="653" ind2=" " ind1=" ">
      <subfield code="a">Producción de alimentos</subfield>
   </datafield>
   <datafield tag="653" ind2=" " ind1=" ">
      <subfield code="a">Consumo</subfield>
   </datafield>
   <datafield tag="653" ind2=" " ind1=" ">
      <subfield code="a">España</subfield>
   </datafield>
   <datafield tag="653" ind2=" " ind1=" ">
      <subfield code="a">Siglo XX</subfield>
   </datafield>
   <datafield ind2="0" ind1="0" tag="245">
      <subfield code="a">El estado nutritivo de la población española 1900-1970. Análisis de las necesidades y disponibilidades de nutrientes</subfield>
   </datafield>
</record></metadata></record></GetRecord></OAI-PMH>